000 00383nam a2200157Ia 4500
100 _aMan/K.F/ Tang/K.S.
650 _aElectrical Engineering
942 _cBK
654 _aEngineering
245 _aGenetic Algorithms for Control & Signal Processing
260 _bSpringer Verlag
_aNONE
_c1997
082 _a629.8
_bMAN
300 _a211
546 _aENGLISH
999 _c19708
_d19708